[Event "IIFL Wealth  4th Mumbai Junior U-13"]
[Site "Mumbai"]
[Date "2018.12.31"]
[Round "2"]
[White "Vedant Nitin vekhande"]
[Black "Sai Mahati A"]
[Result "0-1"]
[WhiteElo "1564"]
[BlackElo "1267"]
[Annotator "NA RC"]
[PlyCount "164"]
[EventDate "2018.12.30"]
[EventType "swiss"]
[EventCountry "IND"]
[SourceTitle "playchess.com"]
[Source "ChessBase"]
[SourceQuality "1"]
[TimeControl "40/5400+30:1800+30"]

1. e4 e5 {[%emt 0:02:51]} 2. Nf3 {[%emt 0:00:00]} Nc6 {[%emt 0:00:47]} 3. Bb5 {[%emt 0:00:00]} a6 {[%emt 0:00:10]} 4. Bxc6 {[%emt 0:00:00]} dxc6 {[%emt 0:00:08]} 5. d4 {[%emt 0:00:00]} exd4 {[%emt 0:00:24]} 6. Qxd4 {[%emt 0:00:43]} Qxd4 {[%emt 0:00:23]} 7. Nxd4 {[%emt 0:00:06]} Bd7 {[%emt 0:00:26]} 8. Be3 {[%emt 0:00:08]} Nf6 {[%emt 0:00:48]} 9. f3 {[%emt 0:00:09]} O-O-O {[%emt 0:00:53]} 10. Nd2 {[%emt 0:01:15]} Bb4 {[%emt 0:04:02]} 11. c3 {[%emt 0:00:11]} Ba5 {[%emt 0:01:15]} 12. Nc4 {[%emt 0:02:30]} Bb6 {[%emt 0:01:19]} 13. Nxb6+ {[%emt 0:00:12]} cxb6 {[%emt 0:00:28]} 14. O-O-O {[%emt 0:00:14]} c5 {[%emt 0:03:14]} 15. Nc2 {[%emt 0:00:32]} Ba4 {[%emt 0:04:10]} 16. Rxd8+ {[%emt 0:00:12]} Rxd8 {[%emt 0:00:15]} 17. Rd1 {[%emt 0:00:34]} Rxd1+ {[%emt 0:02:13]} 18. Kxd1 {[%emt 0:00:07]} Kd7 {[%emt 0:01:44]} 19. Kd2 {[%emt 0:00:08]} Kc6 {[%emt 0:03:02]} 20. b3 {[%emt 0:00:36]} Bb5 {[%emt 0:03:22]} 21. c4 {[%emt 0:00:53]} Bxc4 {[%emt 0:01:09]} 22. bxc4 {[%emt 0:00:08]} b5 {[%emt 0:00:05]} 23. cxb5+ {[%emt 0:00:10]} axb5 {[%emt 0:00:06]} 24. Kc3 {[%emt 0:00:52]} b4+ {[%emt 0:00:27]} 25. Kb3 Nd7 {[%emt 0:01:12]} 26. Nxb4+ {[%emt 0:01:41]} cxb4 {[%emt 0:00:32]} 27. Kxb4 {[%emt 0:00:06]} g6 {[%emt 0:01:17]} 28. Bd4 {[%emt 0:00:16]} Nf8 {[%emt 0:01:05]} 29. Be3 {[%emt 0:00:37]} Nd7 {[%emt 0:00:42]} 30. Bd4 {[%emt 0:00:18]} Nf8 {[%emt 0:00:19]} 31. f4 {[%emt 0:00:09]} Ne6 {[%emt 0:00:52]} 32. Be3 {[%emt 0:00:12]} Nc7 {[%emt 0:01:43]} 33. g4 {[%emt 0:01:54]} f5 {[%emt 0:01:49]} 34. exf5 {[%emt 0:00:18]} Nd5+ {[%emt 0:00:08]} 35. Kb3 {[%emt 0:00:16]} Nxe3 {[%emt 0:00:09]} 36. fxg6 {[%emt 0:00:43]} hxg6 {[%emt 0:00:37]} 37. h3 {[%emt 0:00:05]} Kc5 {[%emt 0:11:07]} 38. a4 {[%emt 0:01:16]} b6 {[%emt 0:01:37]} 39. Ka3 {[%emt 0:00:51]} Kc4 {[%emt 0:00:33]} 40. a5 {[%emt 0:00:00]} bxa5 {[%emt 0:00:00]} 41. Ka4 {[%emt 0:00:15]} Kd4 {[%emt 0:02:40]} 42. Kxa5 {[%emt 0:00:07]} Ke4 {[%emt 0:00:14]} 43. f5 {[%emt 0:00:22]} g5 {[%emt 0:01:42]} 44. f6 {[%emt 0:00:09]} Nc4+ {[%emt 0:00:21]} 45. Kb5 {[%emt 0:00:05]} Ne5 {[%emt 0:00:53]} 46. Kc5 {[%emt 0:00:12]} Nf7 {[%emt 0:00:07]} 47. Kc4 {[%emt 0:00:26]} Ke5 {[%emt 0:00:57]} 48. Kd3 {[%emt 0:00:12]} Kxf6 {[%emt 0:00:39]} 49. Ke4 {[%emt 0:00:08]} Ne5 {[%emt 0:01:59]} 50. Ke3 {[%emt 0:00:09]} Ng6 {[%emt 0:00:18]} 51. Ke4 {[%emt 0:00:11]} Nh4 {[%emt 0:00:04]} 52. Kd5 {[%emt 0:00:27]} Ng2 {[%emt 0:01:47]} 53. Ke4 {[%emt 0:00:12]} Ke6 {[%emt 0:00:48]} 54. Kf3 {[%emt 0:00:08]} Nh4+ {[%emt 0:00:08]} 55. Ke4 {[%emt 0:00:05]} Ng6 {[%emt 0:00:24]} 56. Ke3 {[%emt 0:00:22]} Ke5 {[%emt 0:00:08]} 57. Kf3 {[%emt 0:00:03]} Kd4 {[%emt 0:00:13]} 58. Kf2 {[%emt 0:00:26]} Ke4 {[%emt 0:00:10]} 59. Kg3 {[%emt 0:00:04]} Ke3 {[%emt 0:00:06]} 60. Kg2 {[%emt 0:00:07]} Nh4+ {[%emt 0:00:40]} 61. Kg3 {[%emt 0:01:18]} Ke2 {[%emt 0:00:12]} 62. Kh2 {[%emt 0:00:09]} Kf2 {[%emt 0:00:16]} 63. Kh1 {[%emt 0:00:03]} Kg3 {[%emt 0:00:06]} 64. Kg1 {[%emt 0:00:08]} Kxh3 {[%emt 0:00:05]} 65. Kf2 {[%emt 0:00:33]} Kxg4 {[%emt 0:00:06]} 66. Kg1 {[%emt 0:00:08]} Kg3 {[%emt 0:00:04]} 67. Kh1 {[%emt 0:00:05]} g4 {[%emt 0:00:06]} 68. Kg1 {[%emt 0:00:17]} Kh3 {[%emt 0:00:13]} 69. Kh1 {[%emt 0:00:02]} g3 {[%emt 0:00:17]} 70. Kg1 {[%emt 0:00:05]} g2 {[%emt 0:00:12]} 71. Kf2 {[%emt 0:00:01]} Kh2 {[%emt 0:00:15]} 72. Ke3 {[%emt 0:00:16]} g1=Q+ {[%emt 0:00:10]} 73. Ke4 {[%emt 0:00:07]} Qd1 {[%emt 0:00:31]} 74. Ke5 {[%emt 0:00:05]} Qd3 {[%emt 0:00:06]} 75. Kf4 {[%emt 0:00:04]} Qe2 {[%emt 0:01:18]} 76. Kg5 {[%emt 0:00:05]} Qf3 {[%emt 0:00:18]} 77. Kxh4 {[%emt 0:00:05]} Qg2 {[%emt 0:00:14]} 78. Kh5 {[%emt 0:00:01]} Kg1 {[%emt 0:00:08]} 79. Kh4 {[%emt 0:00:04]} Qg6 {[%emt 0:00:10]} 80. Kh3 {[%emt 0:00:04]} Kf2 {[%emt 0:00:15]} 81. Kh4 {[%emt 0:00:05]} Kf3 {[%emt 0:00:07]} 82. Kh3 {[%emt 0:00:03]} Qg3# {[%emt 0:00:03]} 0-1

[Event "IIFL Wealth  4th Mumbai Junior U-13"]
[Site "Mumbai"]
[Date "2018.12.31"]
[Round "2"]
[White "Bharadia Yash"]
[Black "Ghadge Harsh"]
[Result "1-0"]
[WhiteElo "1559"]
[BlackElo "1265"]
[Annotator "NA"]
[PlyCount "130"]
[EventDate "2018.12.30"]
[EventType "swiss"]
[EventCountry "IND"]
[SourceTitle "playchess.com"]
[Source "ChessBase"]
[SourceQuality "1"]
[TimeControl "40/5400+30:1800+30"]

1. e4 {[%emt 0:00:00]} e5 {[%emt 0:04:48]} 2. Nf3 {[%emt 0:00:00]} Nc6 {[%emt 0:01:09]} 3. Bb5 {[%emt 0:00:00]} a6 {[%emt 0:00:21]} 4. Ba4 {[%emt 0:00:00]} Nf6 {[%emt 0:01:01]} 5. O-O {[%emt 0:00:00]} Be7 {[%emt 0:01:19]} 6. Re1 {[%emt 0:00:05]} b5 {[%emt 0:00:13]} 7. Bb3 {[%emt 0:00:11]} d6 {[%emt 0:00:09]} 8. c3 {[%emt 0:00:20]} O-O {[%emt 0:01:13]} 9. h3 {[%emt 0:00:08]} Bb7 {[%emt 0:01:24]} 10. d4 {[%emt 0:03:02]} Re8 {[%emt 0:01:29]} 11. Nbd2 {[%emt 0:09:33]} Bf8 {[%emt 0:01:57]} 12. Bc2 {[%emt 0:24:23]} h6 {[%emt 0:22:23]} 13. a3 {[%emt 0:01:38]} Qd7 {[%emt 0:13:41]} 14. Nf1 {[%emt 0:00:57]} Rad8 {[%emt 0:00:48]} 15. Ng3 {[%emt 0:10:22]} Ne7 {[%emt 0:07:42]} 16. dxe5 {[%emt 0:03:51]} dxe5 {[%emt 0:00:32]} 17. Qxd7 {[%emt 0:01:22]} Nxd7 {[%emt 0:00:21]} 18. a4 {[%emt 0:00:52]} c6 {[%emt 0:02:28]} 19. Be3 {[%emt 0:02:41]} Ng6 {[%emt 0:01:19]} 20. b4 {[%emt 0:01:32]} c5 {[%emt 0:08:35]} 21. axb5 {[%emt 0:04:36]} axb5 {[%emt 0:02:08]} 22. Ra7 {[%emt 0:00:37]} Bc6 {[%emt 0:01:14]} 23. bxc5 {[%emt 0:01:57]} Nxc5 {[%emt 0:01:21]} 24. Rea1 {[%emt 0:04:25]} Ra8 {[%emt 0:01:44]} 25. h4 {[%emt 0:02:43]} Bd6 {[%emt 0:02:58]} 26. h5 {[%emt 0:02:00]} Nf4 {[%emt 0:00:36]} 27. Rxa8 {[%emt 0:02:47]} Rxa8 {[%emt 0:01:28]} 28. Rxa8+ {[%emt 0:00:08]} Bxa8 {[%emt 0:00:05]} 29. Bxc5 {[%emt 0:01:57]} Bxc5 {[%emt 0:02:32]} 30. Nxe5 {[%emt 0:00:25]} Bd6 {[%emt 0:01:28]} 31. Nf3 {[%emt 0:05:43]} Kf8 {[%emt 0:01:03]} 32. Nd4 {[%emt 0:01:16]} b4 {[%emt 0:01:01]} 33. cxb4 {[%emt 0:00:15]} Bxb4 {[%emt 0:00:11]} 34. Nde2 {[%emt 0:00:14]} Ne6 {[%emt 0:00:59]} 35. Nf5 {[%emt 0:01:02]} Bc5 {[%emt 0:01:03]} 36. Kf1 {[%emt 0:04:19]} Bb7 {[%emt 0:02:33]} 37. Bd3 {[%emt 0:00:23]} Ng5 {[%emt 0:02:25]} 38. f3 {[%emt 0:00:20]} Ne6 {[%emt 0:00:21]} 39. g3 {[%emt 0:00:56]} Ng5 {[%emt 0:02:21]} 40. Kg2 {[%emt 0:00:00]} Bc6 {[%emt 0:00:00]} 41. Ned4 {[%emt 0:03:03]} Bd7 {[%emt 0:02:53]} 42. Nb3 {[%emt 0:03:31]} Ba7 {[%emt 0:01:15]} 43. Nfd4 {[%emt 0:01:23]} Ke7 {[%emt 0:01:25]} 44. f4 {[%emt 0:00:34]} Ne6 {[%emt 0:00:44]} 45. Nf5+ {[%emt 0:05:37]} Kf8 {[%emt 0:00:26]} 46. Bc4 {[%emt 0:00:46]} Nc5 {[%emt 0:07:57]} 47. Nd6 {[%emt 0:02:22]} Nxb3 {[%emt 0:02:32]} 48. Bxb3 {[%emt 0:00:07]} Be8 {[%emt 0:03:28]} 49. Kf3 {[%emt 0:00:58]} Bc5 {[%emt 0:03:11]} 50. Nc4 {[%emt 0:10:31]} Bb4 {[%emt 0:02:36]} 51. g4 {[%emt 0:00:24]} Ke7 {[%emt 0:01:05]} 52. Ne3 {[%emt 0:00:57]} Bc5 {[%emt 0:01:33]} 53. Nf5+ {[%emt 0:00:11]} Kf8 {[%emt 0:00:08]} 54. Ne3 {[%emt 0:02:54]} Bd7 {[%emt 0:02:01]} 55. Nc2 {[%emt 0:01:28]} Bc6 {[%emt 0:01:13]} 56. Ne1 {[%emt 0:01:40]} Bb5 {[%emt 0:01:08]} 57. g5 {[%emt 0:01:18]} hxg5 {[%emt 0:02:04]} 58. fxg5 {[%emt 0:00:02]} Bb4 {[%emt 0:01:56]} 59. Nc2 {[%emt 0:01:52]} Bd2 {[%emt 0:00:21]} 60. Ne3 {[%emt 0:01:32]} Be8 {[%emt 0:02:34]} 61. Bd5 {[%emt 0:01:41]} f6 {[%emt 0:05:01]} 62. g6 {[%emt 0:03:29]} Ba4 {[%emt 0:00:32]} 63. h6 {[%emt 0:01:06]} Bd1+ {[%emt 0:01:16]} 64. Kg2 {[%emt 0:00:41]} gxh6 {[%emt 0:00:27]} 65. Nf5 {[%emt 0:00:02]} Ke8 1-0

[Event "IIFL Wealth  4th Mumbai Junior U-13"]
[Site "Mumbai"]
[Date "2018.12.31"]
[Round "2"]
[White "Bajaj Prakhar"]
[Black "Darsh Shetty"]
[Result "1-0"]
[WhiteElo "1551"]
[BlackElo "1260"]
[Annotator "NA"]
[PlyCount "129"]
[EventDate "2018.12.30"]
[EventType "swiss"]
[EventCountry "IND"]
[SourceTitle "playchess.com"]
[Source "ChessBase"]
[SourceQuality "1"]
[TimeControl "40/5400+30:1800+30"]

1. d4 {[%emt 0:00:00]} Nf6 {[%emt 0:00:10]} 2. Nf3 {[%emt 0:00:00]} e6 {[%emt 0:00:47]} 3. Bf4 {[%emt 0:00:18]} d6 {[%emt 0:00:39]} 4. c4 {[%emt 0:03:16]} b6 {[%emt 0:00:29]} 5. Nc3 {[%emt 0:00:17]} Bb7 {[%emt 0:00:10]} 6. Qc2 {[%emt 0:02:13]} Nbd7 {[%emt 0:00:23]} 7. e4 {[%emt 0:01:15]} g6 8. Bd3 {[%emt 0:01:54]} Bg7 {[%emt 0:08:39]} 9. O-O O-O {[%emt 0:00:37]} 10. d5 {[%emt 0:22:34]} e5 {[%emt 0:02:06]} 11. Bd2 {[%emt 0:06:01]} Nc5 {[%emt 0:03:06]} 12. b4 {[%emt 0:01:13]} Nxd3 {[%emt 0:00:15]} 13. Qxd3 {[%emt 0:00:01]} Nh5 {[%emt 0:01:23]} 14. Qe2 {[%emt 0:20:11]} Nf4 {[%emt 0:06:19]} 15. Bxf4 {[%emt 0:00:02]} exf4 {[%emt 0:00:01]} 16. Rac1 {[%emt 0:00:12]} Qe7 {[%emt 0:03:34]} 17. Rfe1 {[%emt 0:00:36]} Rae8 {[%emt 0:03:39]} 18. Nb5 {[%emt 0:01:01]} f5 {[%emt 0:02:42]} 19. Nd2 {[%emt 0:08:09]} a6 {[%emt 0:04:03]} 20. Rc2 Bc3 21. Rxc3 {[%emt 0:00:13]} fxe4 {[%emt 0:00:22]} 22. Nxe4 {[%emt 0:00:32]} Qg7 {[%emt 0:06:35]} 23. Qd2 {[%emt 0:06:30]} Bc8 {[%emt 0:05:07]} 24. Ng5 {[%emt 0:04:17]} Qd4 {[%emt 0:06:40]} 25. Qc1 {[%emt 0:01:21]} Bd7 {[%emt 0:02:32]} 26. Nf3 {[%emt 0:00:31]} Qf6 {[%emt 0:00:39]} 27. h3 {[%emt 0:05:21]} Rxe1+ {[%emt 0:02:27]} 28. Qxe1 {[%emt 0:00:02]} Re8 {[%emt 0:00:00]} 29. Qd2 {[%emt 0:00:11]} Bf5 {[%emt 0:02:44]} 30. Rc1 {[%emt 0:01:02]} Re4 {[%emt 0:02:40]} 31. c5 bxc5 {[%emt 0:05:02]} 32. bxc5 {[%emt 0:03:47]} dxc5 {[%emt 0:05:10]} 33. Rxc5 {[%emt 0:00:17]} Qb6 {[%emt 0:00:08]} 34. Rc6 {[%emt 0:00:51]} Qb7 {[%emt 0:00:26]} 35. Qc3 {[%emt 0:02:16]} Re7 {[%emt 0:01:21]} 36. Kh2 {[%emt 0:01:06]} Be4 {[%emt 0:03:52]} 37. Qc4 {[%emt 0:02:54]} Kg7 {[%emt 0:03:43]} 38. Ng5 {[%emt 0:00:42]} Bf5 {[%emt 0:00:43]} 39. Qd4+ {[%emt 0:00:30]} Kg8 {[%emt 0:01:09]} 40. Qxf4 {[%emt 0:00:00]} Bd7 {[%emt 0:00:00]} 41. Qc4 {[%emt 0:03:30]} Kg7 {[%emt 0:02:28]} 42. Rxc7 {[%emt 0:00:22]} Qb6 {[%emt 0:02:02]} 43. Ne6+ {[%emt 0:02:58]} Kg8 {[%emt 0:01:37]} 44. Qc5 {[%emt 0:01:40]} Rxe6 {[%emt 0:02:14]} 45. dxe6 {[%emt 0:00:09]} Qxe6 {[%emt 0:00:24]} 46. Qc4 {[%emt 0:00:21]} Qxc4 {[%emt 0:00:14]} 47. Rxc4 {[%emt 0:00:02]} Bxb5 {[%emt 0:00:01]} 48. Rc7 {[%emt 0:00:02]} h6 {[%emt 0:00:02]} 49. f4 {[%emt 0:00:04]} Kh8 {[%emt 0:00:01]} 50. g4 {[%emt 0:00:21]} Kg8 {[%emt 0:01:36]} 51. h4 {[%emt 0:00:03]} Be2 {[%emt 0:00:10]} 52. Kg3 {[%emt 0:00:07]} Bb5 {[%emt 0:00:06]} 53. f5 {[%emt 0:00:16]} gxf5 54. gxf5 {[%emt 0:00:05]} Bd3 {[%emt 0:00:59]} 55. Kf4 {[%emt 0:00:08]} Kh8 {[%emt 0:00:41]} 56. f6 {[%emt 0:00:16]} Kg8 {[%emt 0:00:13]} 57. Ke5 {[%emt 0:00:08]} Bb1 {[%emt 0:00:18]} 58. a3 {[%emt 0:00:21]} Bd3 {[%emt 0:00:26]} 59. Kd6 {[%emt 0:00:07]} Kf8 {[%emt 0:00:23]} 60. Ke6 Kg8 {[%emt 0:01:19]} 61. Rc8+ {[%emt 0:00:27]} Kh7 {[%emt 0:02:01]} 62. f7 {[%emt 0:00:05]} Bf5+ {[%emt 0:00:35]} 63. Kxf5 {[%emt 0:00:07]} h5 {[%emt 0:00:07]} 64. f8=Q {[%emt 0:00:12]} a5 {[%emt 0:00:31]} 65. Rc7# {[%emt 0:00:03]} 1-0

[Event "IIFL Wealth  4th Mumbai Junior U-13"]
[Site "Mumbai"]
[Date "2018.12.31"]
[Round "2"]
[White "Rajbeer Ahmed"]
[Black "Tambe Shardul"]
[Result "1/2-1/2"]
[WhiteElo "1550"]
[BlackElo "1250"]
[Annotator "NA"]
[PlyCount "81"]
[EventDate "2018.12.30"]
[EventType "swiss"]
[EventCountry "IND"]
[SourceTitle "playchess.com"]
[Source "ChessBase"]
[SourceQuality "1"]
[TimeControl "40/5400+30:1800+30"]

1. d4 {[%emt 0:00:00]} d5 {[%emt 0:00:00]} 2. Nf3 {[%emt 0:00:00]} Nf6 {[%emt 0:00:00]} 3. e3 {[%emt 0:00:15]} Bf5 {[%emt 0:01:14]} 4. c4 {[%emt 0:00:24]} c6 {[%emt 0:00:39]} 5. Nc3 {[%emt 0:00:22]} e6 {[%emt 0:02:05]} 6. Bd3 {[%emt 0:04:19]} Bg4 {[%emt 0:02:44]} 7. O-O {[%emt 0:01:22]} Bd6 {[%emt 0:00:13]} 8. c5 {[%emt 0:06:07]} Bc7 {[%emt 0:00:45]} 9. b4 {[%emt 0:07:51]} Nbd7 {[%emt 0:15:51]} 10. Be2 {[%emt 0:10:53]} O-O {[%emt 0:04:28]} 11. Rb1 {[%emt 0:13:12]} e5 {[%emt 0:12:16]} 12. dxe5 {[%emt 0:04:43]} Bxe5 {[%emt 0:01:27]} 13. Bb2 {[%emt 0:08:08]} Bxc3 {[%emt 0:08:21]} 14. Bxc3 {[%emt 0:00:25]} Ne4 {[%emt 0:00:31]} 15. Bb2 {[%emt 0:00:38]} Qc7 {[%emt 0:04:23]} 16. Nd4 {[%emt 0:05:32]} Bxe2 {[%emt 0:02:40]} 17. Qxe2 {[%emt 0:00:12]} Ne5 {[%emt 0:01:37]} 18. f3 {[%emt 0:07:21]} Nf6 {[%emt 0:02:18]} 19. Nf5 {[%emt 0:04:30]} Rfe8 {[%emt 0:05:01]} 20. f4 {[%emt 0:01:27]} Ned7 {[%emt 0:10:42]} 21. g4 {[%emt 0:04:37]} g6 {[%emt 0:12:52]} 22. Nh6+ {[%emt 0:04:13]} Kf8 {[%emt 0:00:24]} 23. g5 {[%emt 0:10:02]} Ne4 {[%emt 0:02:12]} 24. Qd3 {[%emt 0:01:35]} f6 {[%emt 0:04:01]} 25. gxf6 {[%emt 0:00:42]} Ndxf6 {[%emt 0:00:21]} 26. Qe2 {[%emt 0:02:55]} Rad8 {[%emt 0:04:02]} 27. Be5 {[%emt 0:00:41]} Qd7 {[%emt 0:01:42]} 28. Rbe1 {[%emt 0:00:42]} Qh3 {[%emt 0:00:35]} 29. Qg2 {[%emt 0:00:36]} Qxh6 {[%emt 0:00:16]} 30. Bxf6 {[%emt 0:00:19]} Nxf6 {[%emt 0:00:01]} 31. Qg5 {[%emt 0:00:10]} Qg7 {[%emt 0:00:17]} 32. Kh1 Ne4 {[%emt 0:00:18]} 33. Qg4 {[%emt 0:00:32]} Nf6 {[%emt 0:00:32]} 34. Qg5 {[%emt 0:00:11]} Qe7 {[%emt 0:00:26]} 35. h3 Qe4+ {[%emt 0:00:20]} 36. Kh2 {[%emt 0:01:17]} Qf5 {[%emt 0:00:06]} 37. Re2 {[%emt 0:01:08]} Kg7 {[%emt 0:00:45]} 38. Qg2 {[%emt 0:00:47]} Ne4 {[%emt 0:00:28]} 39. Rg1 {[%emt 0:00:29]} Nf6 {[%emt 0:01:03]} 40. Qf1 {[%emt 0:00:00]} Re4 {[%emt 0:00:00]} 41. Rg5 {[%emt 0:01:12]} 1/2-1/2

[Event "IIFL Wealth  4th Mumbai Junior U-13"]
[Site "Mumbai"]
[Date "2018.12.31"]
[Round "2"]
[White "Nehete Arnav"]
[Black "Bulsara Yazaan"]
[Result "1-0"]
[WhiteElo "1544"]
[BlackElo "1244"]
[Annotator "NA"]
[PlyCount "139"]
[EventDate "2018.12.30"]
[EventType "swiss"]
[EventCountry "IND"]
[SourceTitle "playchess.com"]
[Source "ChessBase"]
[SourceQuality "1"]
[TimeControl "40/5400+30:1800+30"]

1. d4 Nf6 2. c4 {[%emt 0:00:00]} e6 {[%emt 0:06:19]} 3. Nc3 {[%emt 0:00:00]} d5 {[%emt 0:01:43]} 4. cxd5 {[%emt 0:01:22]} exd5 {[%emt 0:00:27]} 5. Bg5 {[%emt 0:00:07]} c6 {[%emt 0:01:13]} 6. Qc2 {[%emt 0:00:05]} Nbd7 {[%emt 0:01:02]} 7. e3 {[%emt 0:00:12]} Bd6 {[%emt 0:01:32]} 8. Bd3 {[%emt 0:00:04]} h6 {[%emt 0:02:48]} 9. Bh4 {[%emt 0:01:07]} O-O {[%emt 0:01:23]} 10. Nge2 {[%emt 0:02:44]} Re8 {[%emt 0:03:10]} 11. O-O {[%emt 0:03:31]} Nb6 {[%emt 0:12:15]} 12. Rfe1 {[%emt 0:07:44]} Bxh2+ {[%emt 0:04:15]} 13. Kh1 {[%emt 0:30:03]} Bd6 {[%emt 0:01:14]} 14. Rad1 {[%emt 0:04:06]} Be7 {[%emt 0:05:46]} 15. Bg3 {[%emt 0:05:57]} Ng4 {[%emt 0:04:28]} 16. e4 {[%emt 0:12:25]} Bh4 {[%emt 0:01:16]} 17. Kg1 {[%emt 0:00:11]} Bxg3 {[%emt 0:00:46]} 18. Nxg3 {[%emt 0:01:20]} Nf6 {[%emt 0:01:47]} 19. e5 {[%emt 0:03:30]} Nfd7 {[%emt 0:00:20]} 20. Nf5 {[%emt 0:00:22]} c5 {[%emt 0:00:56]} 21. Nd6 {[%emt 0:01:38]} Re7 {[%emt 0:02:11]} 22. dxc5 {[%emt 0:01:04]} Nxc5 {[%emt 0:00:05]} 23. Nxd5 {[%emt 0:00:52]} Nxd5 {[%emt 0:01:21]} 24. Qxc5 {[%emt 0:00:28]} Nb6 {[%emt 0:01:36]} 25. Nxf7 {[%emt 0:04:26]} Qc7 {[%emt 0:01:50]} 26. Qxc7 {[%emt 0:02:44]} Rxc7 {[%emt 0:00:02]} 27. Nd6 {[%emt 0:00:11]} Be6 {[%emt 0:00:49]} 28. b3 {[%emt 0:00:00]} Nd5 {[%emt 0:04:41]} 29. Bc4 {[%emt 0:02:46]} Nf4 {[%emt 0:00:21]} 30. Nb5 {[%emt 0:06:49]} Rc5 {[%emt 0:02:39]} 31. Nd6 {[%emt 0:03:35]} Bxc4 {[%emt 0:01:02]} 32. bxc4 {[%emt 0:00:31]} b6 {[%emt 0:02:22]} 33. e6 {[%emt 0:00:42]} Nh5 {[%emt 0:05:33]} 34. e7 {[%emt 0:00:13]} Nf6 {[%emt 0:00:01]} 35. e8=Q+ {[%emt 0:01:12]} Nxe8 {[%emt 0:00:11]} 36. Rxe8+ {[%emt 0:00:02]} Rxe8 {[%emt 0:00:07]} 37. Nxe8 {[%emt 0:00:01]} Rxc4 {[%emt 0:00:15]} 38. Rd2 {[%emt 0:03:47]} Rc1+ {[%emt 0:00:50]} 39. Kh2 {[%emt 0:00:03]} Kf7 {[%emt 0:01:06]} 40. Nd6+ {[%emt 0:00:00]} Ke6 {[%emt 0:00:00]} 41. Nb5 {[%emt 0:01:33]} a6 {[%emt 0:01:51]} 42. Nd4+ {[%emt 0:00:01]} Ke5 {[%emt 0:01:16]} 43. Nb3 {[%emt 0:02:59]} Rc3 {[%emt 0:00:55]} 44. g3 {[%emt 0:02:33]} a5 {[%emt 0:02:25]} 45. Kg2 {[%emt 0:01:51]} Rc4 {[%emt 0:00:45]} 46. Rd7 {[%emt 0:05:08]} a4 47. f4+ {[%emt 0:00:01]} Ke6 {[%emt 0:02:29]} 48. Rxg7 {[%emt 0:09:25]} axb3 {[%emt 0:00:02]} 49. axb3 {[%emt 0:00:48]} Rc2+ {[%emt 0:01:06]} 50. Kh3 {[%emt 0:00:20]} Kf6 {[%emt 0:02:13]} 51. Rb7 {[%emt 0:01:02]} Rc6 {[%emt 0:00:16]} 52. b4 {[%emt 0:00:11]} Ke6 {[%emt 0:00:49]} 53. b5 {[%emt 0:03:33]} Rd6 {[%emt 0:00:01]} 54. Rc7 {[%emt 0:00:01]} Kd5 {[%emt 0:01:41]} 55. Kh4 {[%emt 0:02:07]} Ke6 {[%emt 0:01:31]} 56. Kh5 {[%emt 0:01:48]} Rd5+ {[%emt 0:00:01]} 57. Kxh6 {[%emt 0:01:07]} Rxb5 {[%emt 0:00:01]} 58. g4 {[%emt 0:01:37]} Kd6 {[%emt 0:01:21]} 59. Rg7 {[%emt 0:00:43]} Rc5 {[%emt 0:01:45]} 60. Rg6+ {[%emt 0:01:11]} Kc7 {[%emt 0:00:01]} 61. f5 {[%emt 0:00:29]} b5 {[%emt 0:00:38]} 62. f6 {[%emt 0:01:06]} Kd8 {[%emt 0:00:15]} 63. Rg8+ {[%emt 0:00:32]} Kd7 {[%emt 0:00:14]} 64. f7 {[%emt 0:00:00]} Rc6+ {[%emt 0:01:00]} 65. Kg7 {[%emt 0:00:09]} Rc4 {[%emt 0:00:26]} 66. f8=Q {[%emt 0:00:50]} Rxg4+ {[%emt 0:00:06]} 67. Kh6 {[%emt 0:00:12]} Rh4+ {[%emt 0:00:12]} 68. Kg5 {[%emt 0:00:09]} Rh1 {[%emt 0:00:27]} 69. Rg7+ {[%emt 0:00:07]} Kc6 {[%emt 0:00:21]} 70. Qf3+ {[%emt 0:00:03] Kd5} 1-0

[Event "IIFL Wealth  4th Mumbai Junior U-13"]
[Site "Mumbai"]
[Date "2018.12.31"]
[Round "2"]
[White "Rushyendra Chowdary Kantipudi"]
[Black "Parab Ram Vishal"]
[Result "0-1"]
[WhiteElo "1527"]
[BlackElo "1242"]
[Annotator "NA RC"]
[PlyCount "100"]
[EventDate "2018.12.30"]
[EventType "swiss"]
[EventCountry "IND"]
[SourceTitle "playchess.com"]
[Source "ChessBase"]
[SourceQuality "1"]
[TimeControl "40/5400+30:1800+30"]

1. e4 {[%emt 0:00:00]} e5 {[%emt 0:00:04]} 2. Nf3 {[%emt 0:00:00]} Nc6 {[%emt 0:01:12]} 3. Bb5 {[%emt 0:01:52]} Bc5 {[%emt 0:01:13]} 4. Bxc6 {[%emt 0:00:39]} dxc6 {[%emt 0:01:06]} 5. d3 {[%emt 0:02:05]} Nf6 {[%emt 0:03:16]} 6. O-O {[%emt 0:01:02]} Qd6 {[%emt 0:04:15]} 7. Nbd2 {[%emt 0:02:47]} O-O {[%emt 0:01:03]} 8. Nc4 {[%emt 0:00:07]} Qe7 {[%emt 0:02:13]} 9. Ncxe5 {[%emt 0:01:10]} Be6 {[%emt 0:05:42]} 10. Qe2 {[%emt 0:04:41]} Rad8 {[%emt 0:02:32]} 11. Bg5 {[%emt 0:01:58]} h6 {[%emt 0:01:52]} 12. Bh4 {[%emt 0:04:32]} g5 {[%emt 0:04:45]} 13. Nxg5 {[%emt 0:15:43]} hxg5 {[%emt 0:01:23]} 14. Bxg5 {[%emt 0:00:04]} Bd4 {[%emt 0:01:00]} 15. Nxc6 {[%emt 0:02:16]} bxc6 {[%emt 0:02:10]} 16. c3 {[%emt 0:00:49]} Be5 {[%emt 0:05:32]} 17. d4 {[%emt 0:00:56]} Qd6 {[%emt 0:04:52]} 18. dxe5 {[%emt 0:07:38]} Qxe5 {[%emt 0:00:19]} 19. f4 {[%emt 0:04:49]} Qc5+ {[%emt 0:01:49]} 20. Kh1 {[%emt 0:00:05]} Bc4 {[%emt 0:00:47]} 21. Qf3 {[%emt 0:00:07]} Rd3 {[%emt 0:01:15]} 22. Qe2 {[%emt 0:02:55]} Re3 {[%emt 0:01:26]} 23. Qd1 {[%emt 0:04:09]} Bxf1 {[%emt 0:00:26]} 24. Bxf6 {[%emt 0:00:44]} Be2 {[%emt 0:01:12]} 25. Qe1 {[%emt 0:06:27]} Qh5 {[%emt 0:02:15]} 26. e5 {[%emt 0:03:15]} Qg4 {[%emt 0:03:13]} 27. Qf2 {[%emt 0:00:09]} Re4 {[%emt 0:01:09]} 28. Bg5 {[%emt 0:05:10]} Bd1 {[%emt 0:01:58]} 29. h3 {[%emt 0:02:20]} Qe2 {[%emt 0:01:23]} 30. Qc5 {[%emt 0:03:23]} Qf1+ {[%emt 0:00:40]} 31. Kh2 {[%emt 0:00:23]} Re1 {[%emt 0:01:45]} 32. Rxd1 {[%emt 0:03:50]} Rxd1 {[%emt 0:00:27]} 33. Bh6 {[%emt 0:01:09]} Qh1+ {[%emt 0:00:26]} 34. Kg3 {[%emt 0:00:08]} Rd3+ {[%emt 0:00:05]} 35. Kh4 {[%emt 0:00:13]} Qe1+ {[%emt 0:00:13]} 36. Kh5 {[%emt 0:00:48]} Qe2+ {[%emt 0:01:24]} 37. Kh4 {[%emt 0:01:07]} Re8 {[%emt 0:02:09]} 38. Qxc6 {[%emt 0:01:05]} Re6 {[%emt 0:00:38]} 39. Qa8+ {[%emt 0:00:06]} Kh7 {[%emt 0:00:12]} 40. Bg5 {[%emt 0:00:00]} Qf2+ {[%emt 0:00:00]} 41. Kh5 {[%emt 0:00:23]} Rg3 {[%emt 0:05:05]} 42. Qe4+ {[%emt 0:06:10]} Rg6 {[%emt 0:01:00]} 43. e6 {[%emt 0:00:56]} f5 {[%emt 0:03:07]} 44. e7 {[%emt 0:07:07]} fxe4 {[%emt 0:00:54]} 45. e8=Q {[%emt 0:00:07]} R3xg5+ {[%emt 0:02:54]} 46. fxg5 {[%emt 0:00:11]} Qf5 {[%emt 0:00:33]} 47. Qe7+ {[%emt 0:02:20]} Rg7 {[%emt 0:00:00]} 48. Qd8 {[%emt 0:01:49]} Rxg5+ {[%emt 0:00:00]} 49. Qxg5 {[%emt 0:00:49]} Qxg5+ {[%emt 0:00:00]} 50. Kxg5 {[%emt 0:00:06]} e3 {[%emt 0:00:00]} 0-1